[Event "Moscow Aeroflot op"]
[Site "Moscow"]
[Date "2002.02.05"]
[Round "1"]
[White "Postny, Evgeny"]
[Black "Kobalia, Mihail"]
[Result "1/2-1/2"]
[WhiteElo "2491"]
[BlackElo "2620"]
[Annotator "Postny,E"]
[PlyCount "126"]
[EventDate "2002.02.04"]
[EventType "swiss"]
[EventRounds "9"]
[EventCountry "RUS"]
[SourceTitle "CBM 088"]
[Source "ChessBase"]
[SourceDate "2002.03.21"]
[SourceVersion "1"]
[SourceVersionDate "2002.03.21"]
[SourceQuality "1"]

1. d4 f5 2. c4 Nf6 3. Nf3 g6 4. g3 Bg7 5. Bg2 O-O 6. b4 {Quite a rare move in
this position. White wants to gain some space on the queenside, before
castling. The main line goes with 6.0-0 d6 7.Nc3.} c6 (6... d6 7. Bb2 c6 8. O-O
Kh8 9. Nbd2 Be6 10. a4 Nbd7 11. Qc2 Bg8 12. Rfe1 $14 {1/2-1/2 Neverov,V-Olenin,
N/St Petersburg 2000/EXT 2001 (43)}) 7. O-O Ne4 (7... a5 {- see the game
Schandorff,L-Kristensen,B DEN-ch 1998/CBM 65 [Tyomkin]}) (7... Na6 8. b5 cxb5
9. cxb5 Nc7 10. Nc3 d6 11. a4 Rb8 12. Ba3 Kh8 13. Rc1 Ne4 14. Qc2 Nxc3 15. Qxc3
Ne6 16. Qc4 Bd7 17. d5 Rc8 18. Qd3 Nc5 19. Bxc5 dxc5 20. Qe3 b6 21. Rfd1 $14 {
1-0 Kortschnoj,V-Jakubiec,A/Panormo 2001/CBM 84 ext (41)}) 8. Bb2 a5 9. a3 $146
(9. b5 a4 10. Na3 d6 11. Qc2 Be6 12. Ne1 $6 d5 13. c5 cxb5 14. Nxb5 Qa5 15. Na3
Nc6 $15 {0-1 Bock,J-Mainka,R/Recklinghausen 1999/EXT 2000 (44)}) 9... d5 10.
cxd5 $6 {This way white certainly can not fight for the advantage.} ({More
natural and much better is} 10. Nbd2 {For example:} axb4 11. axb4 Rxa1 12. Bxa1
Qb6 13. Qb3 {with a slightly preferable position for white.}) 10... cxd5 11.
Nc3 $6 {Another inaccuracy, which was well exploited by my opponent.} (11. b5
$11) 11... axb4 12. axb4 Rxa1 13. Bxa1 (13. Qxa1 $6 Nc6 {[%csl Rb4,Rd4]}) 13...
Nxc3 $1 {In this kind of position black usually does not want to exchange his
centalized N voluntarily, but here, in combination with the next manoeuvre
this exchange is strong.} 14. Bxc3 Bd7 $1 $15 {[%csl Rb4,Gb5,Rc3][%cal Gd7b5]
Black wants to put his B on the very good b5 square and gradually put pressure
on white, using weak squares on the queenside.} 15. Ne5 ({I considered} 15. Bd2
{as an attempt to move this B to better pastures, but I didn't like} Qb6 {
[%csl Rb4]}) ({Also after} 15. Qd3 {black plays} Qb6 $15 {[%cal Gd7b5]}) 15...
Bb5 {[%csl Gb5]} 16. Re1 ({Slightly more accurate was} 16. Qd2) 16... e6 17.
Qb3 Qd6 18. e3 Nd7 19. Nxd7 Qxd7 {In this symmetrical position black has some
pressure, since white has weak squares on the queenside and very passive Bc3.
However with careful defence white should gradually equalize.} 20. Bf3 $1 {
[%cal Gf3d1] The bishop on g2 is doing nothing, so he has to be transfered to
the queenside, without being exchanged.} Rc8 21. Rc1 Qc6 22. Qb2 Bc4 23. Bd2 b6
24. Bd1 {White has successfully regrouped his pieces. Black still has a slight
edge, but the position is very close to a draw.} Bf8 25. Ra1 Ra8 26. Ra3 Bb5
27. Rxa8 Qxa8 28. Bc3 {Now the defensive task for white is to prevent the
penetration of the black Q. This should not be too hard.} Qa6 29. Bb3 Bc4 30.
Bc2 Kf7 31. Bd2 Be7 32. Bd1 Be2 33. Bxe2 $2 {[%mdl 16384] (??) This move is
just unexplainable and certainly came as a pleasant surprise to my opponent...
Positionally speaking, there is no move, that could be worse.} ({Normal was} 
33. Bc2 {keeping the key squares under control.} Bd3 (33... Bf1 {[%cal Ga6e2]}
34. Qb1) 34. Bb3 Bf1 {[%cal Ga6e2]} 35. Bd1) 33... Qxe2 34. b5 {At least one
of my pawns now is on the "right" square.} g5 35. Bc3 Qd3 {[%csl Gd3] As a
result of my horrible exchange two moves ago black's Q is completely
dominating. Now white can only wait and see what black will come up with.} 36.
h3 h5 {Black's winning plan is to advance his king-side pawns and create
another weakness in white's camp.} 37. Be1 Kg6 38. Kg2 Kf7 {Since the
time-control contains an increment after each move, the repetition of moves is
useful.} 39. Kg1 Bd6 40. Kg2 f4 $6 {This push is premature.} ({The most
accurate was:} 40... Be7 $1 41. Kg1 Ke8 {[%cal Ge8d7] Black wants to put his K
on d7 and then create a breakthrow on the kingside. White's position is
hopeless. For instanse:} 42. Qc3 Qxb5 43. Qc8+ Kf7 44. Qh8 Qe2 $19) 41. Qd2
Qxb5 ({After} 41... Qe4+ $2 42. f3 $1 (42. Kg1 $2 f3 $19) 42... Qxe3 43. Qxe3
fxe3 44. Kf1 {white has good chances to save the game.} e5 45. Bc3 g4 46. hxg4
hxg4 47. fxg4 e4 48. Ke2 Kf6 49. Kxe3 Kg5 50. Be1 Kxg4 51. Ke2 Bxg3 52. Bb4 $15
) 42. Qc2 $1 {[%csl Gc2][%cal Gc2h7,Gc2c8] White's Q is ready to penetrate
black's position from both sides. It's clear now, that black's K should have
been moved to d7.} Kg7 (42... Kf6 43. exf4 (43. Qc8 Qe2 44. Qh8+ Ke7 45. Qg7+
Ke8 {see b)43.Qh7.}) (43. Qh7 Qe2 44. Qh6+ Kf7 45. Qh7+ Ke8 46. Qg8+ Kd7 47.
Qf7+ Kc6 (47... Be7 $4 48. Bb4) 48. Qe8+ Kb7 49. Qxe6 f3+ 50. Kh2 Qxe1 51.
Qxd5+ Kc7 52. Qxf3 $19 {[%csl Gb6]}) 43... gxf4 44. Qd1 {[%csl Rh5]} Qe8 {
Black has good winning chances.}) 43. Qc8 fxe3 $2 (43... Kf7 44. exf4 gxf4 45.
Qc2 Kf6 {just like in previous comment.} ({but not} 45... Kg7 $2 46. Qc8 Qe2
47. Qd7+ Kg6 48. Bd2 $1 (48. Qxd6 $4 f3+ 49. Kh2 Qxe1 $19) 48... f3+ 49. Kg1
Qd1+ 50. Kh2 Qxd2 51. Qxe6+ $11)) 44. Qxe6 exf2 45. Bxf2 Qc6 46. h4 $1 $11 {
[%csl Rh5] White has sufficient compensation.} (46. Be3 Qc2+ 47. Kf3 Qg6 48.
Qxd5 g4+) 46... g4 47. Qf5 Be7 {[%csl Yg5]} 48. Qxh5 Qe6 49. Qe8 Qe4+ 50. Kg1
Bf6 51. Qxe4 dxe4 52. d5 b5 {There is very few material left on the board, so
the result should be a draw, however the endgame still contains some tactical
points, since both sides has passed pawns.} 53. Bc5 Kg6 54. Kf2 Kf5 55. h5 Ke5
56. d6 Kd5 57. Bb4 Bg5 58. d7 Ke6 (58... e3+ 59. Ke2 Ke6 60. h6 Kxd7 61. h7 Bf6
62. Kxe3 Ke6 63. Kf4 Kf7 $11) 59. h6 ({A bit more troublesome for black was} 
59. Bd2 {[%tqu "En","Find the only way, that saves black.","","","e4e3","",10,
"g5e7","",0]} e3+ $1 {Without this move black is lost!} (59... Be7 $2 60. h6
Kxd7 61. Bc3 $18) (59... Bf6 $2 60. Bc3 $18) 60. Bxe3 Bf6 {The difference is,
that white can not play now 61.Bd4 since black will capture it with a check!
The next move black captures Pd7 and the draw is inevitable.}) 59... Kxd7 60.
h7 Bf6 61. Ke3 Ke6 62. Kxe4 Kf7 63. Kf5 Bb2 1/2-1/2

[Event "EU-ch 3rd"]
[Site "Batumi"]
[Date "2002.06.22"]
[Round "10"]
[White "Minasian, Ara"]
[Black "Marin, Mihail"]
[Result "1-0"]
[WhiteElo "2473"]
[BlackElo "2556"]
[Annotator "Postny,E"]
[PlyCount "167"]
[EventDate "2002.06.12"]
[EventType "swiss"]
[EventRounds "13"]
[EventCountry "GEO"]
[SourceTitle "CBM 090"]
[Source "ChessBase"]
[SourceDate "2002.09.20"]
[SourceVersion "1"]
[SourceVersionDate "2002.09.20"]
[SourceQuality "1"]

1. Nf3 d6 2. d4 g6 3. g3 Bg7 4. Bg2 f5 5. O-O Nf6 6. b3 (6. c4 O-O 7. Nc3 {
- is the main line.}) 6... O-O 7. Bb2 Qe8 8. c4 Na6 9. Nbd2 ({After} 9. d5 c5
$1 {black gets convenient play, see the commented game Teske,H-Koc,P/MK Cafe
Cup 1999/CBM 73/0-1 (45) [Tyomkin]}) 9... e5 {This central strategy is the
most logical. The main alternatives are:} (9... Rb8 {- Cramling,P-Berg,E/
Sigeman & Co 2001/CBM 84/1-0 (27) [Tyomkin]}) (9... c6 10. Qc2 h6 11. Rae1 g5
12. e4 Nb4 13. Qc3 fxe4 14. Nxe4 Nxe4 15. Qxb4 a5 16. Qa3 Bf5 17. d5 $14 {
1-0 Dreev,A-Minasian,A/Ubeda 1999/CBM 68 ext (36)}) 10. dxe5 Ng4 11. Ba3 (11.
Qc2 dxe5 12. e4 f4 13. c5 fxg3 14. hxg3 Qb5 15. Qc4+ Qxc4 16. Nxc4 Re8 $13 {
0-1 Belov,I-Goldin,A/Moscow 1992/EXT 97 (68)}) 11... Nxe5 12. e3 $5 $146 {
A new move in this position. White offers the exchange sacrifice.} (12. Rc1 f4
(12... Nc5 13. Nxe5 Qxe5 14. Nf3 Qe7 15. e3 a5 16. Qc2 Bd7 17. Nd4 Ne4 18. Rfe1
Rae8 $11 {0-1 Belov,I-Vyzmanavin,A/Moscow 1992/EXT 97 (54)}) 13. Nxe5 Qxe5 14.
Nf3 Qe7 15. Qd2 fxg3 16. hxg3 Nc5 17. Bb2 Bxb2 18. Qxb2 a5 19. Nd4 $14 {
1/2-1/2 Volzhin,A-Danielsen,H/Koge 1997/EXT 2000 (54)}) (12. Nxe5 Bxe5 13. Rb1
Qe7 14. Nf3 Bg7 15. e3 Nc5 16. Bb2 Bd7 17. Bxg7 Kxg7 18. Nd4 a6 19. Rc1 Ne4 $11
{1/2-1/2 Verdihanov,V-Beim,V/Berlin 1994/EXT 97 (32)}) 12... Rb8 {Black's
decicion to decline the challenge is justified.} ({After} 12... Nxf3+ $6 13.
Bxf3 Bxa1 14. Qxa1 (14. Bd5+ $2 Be6) 14... Nc5 15. Qc3 {[%csl Rg8][%cal Ga3b2]
white has dangerous initiative.}) 13. Nxe5 ({Deserves attention} 13. Rb1) 13...
Qxe5 14. Bd5+ (14. Rb1 $6 Qa5 {[%csl Ra2,Ra3]}) 14... Kh8 (14... Be6 15. Nf3
Qf6 16. Rb1 $14) 15. Rb1 Qe7 16. b4 {Probably white should not hurry with this
advance.} (16. Qc2 $5) 16... c5 $1 17. b5 Nc7 18. Bg2 Be6 $132 {[%cal Gd6d5]}
19. b6 $5 (19. Bb2 d5 20. Qc2 $13) 19... axb6 20. Rxb6 {[%csl Rb7]} Na8 (20...
d5 $2 21. Nb3 {[%csl Rc5]}) 21. Rb5 (21. Rb3 $6 b5 $1 22. Rxb5 Rxb5 23. cxb5
Bxa2 $15) 21... b6 {[%cal Ga8c7]} 22. Qb1 Bd7 23. Rb3 Ba4 24. Rb2 $1 {This is
already second time in this game, that white offers the exchange sacrifice.} (
24. Rd3 $6 b5 {and black is better.}) 24... Qa7 {[%csl Ra3]} ({Bad for black is
} 24... Bxb2 $2 25. Bxb2+ Kg8 26. Bd5+ Rf7 27. e4 $40) 25. Qd3 Rfd8 (25... Rbd8
$6 26. Rfb1 $14 {[%csl Rb6][%cal Gg2a8]}) 26. e4 f4 $6 {Quite a risky decision,
especially when the most of black's pieces are on the queenside.} (26... fxe4
27. Nxe4 Bc6 $13) 27. gxf4 Qf7 28. Nf3 $6 ({More dangerous for black seems to
be:} 28. f5 gxf5 (28... Bxb2 $2 29. Bxb2+ Kg8 30. Qc3 $40) 29. exf5 Nc7 30. Ne4
Qxf5 31. Re2) 28... Qxf4 29. Re2 Nc7 (29... b5 $5 {[%cal Ra4b5,Rb5f1]} 30. Bc1
Qf8) 30. Bc1 Qf8 31. Ng5 h6 {This move weakens the Pg6, but it's necessary.} (
31... b5 32. Re3 {[%cal Ge3h3]}) 32. Nh3 Qf6 $2 {A strange move, which
actually loses a very important tempo.} ({Logical was} 32... Ne6 {with a
double-edged position.}) 33. Bb2 Qf7 34. Qg3 {[%cal Gh3f4]} Ne6 {If black will
manage to occupy the d4 square by the N, his position will be sound, but the
next white's move frustrates black's plans...} 35. e5 $1 dxe5 36. Bd5 Nf4 (
36... Rxd5 $6 37. cxd5 Nd4 38. Bxd4 cxd4 39. Rxe5 $16) 37. Nxf4 Qxf4 (37...
exf4 $2 38. Qh4 $18 {[%cal Rh4h6,Rb2h8,Gd5f7]}) 38. Bxe5 {White choses the
safe way, which however leads to an endgame with only minor chances for a win.}
({Very risky is} 38. Qxg6 $5 {, but the following variations confirm, that the
arising complications might be in white's favour.} Rxd5 (38... Rg8 39. Kh1 $16)
39. cxd5 Rg8 40. Re4 Qf3 41. Re3 (41. Rxa4 Bf6 42. Ra8 Rxa8 43. Qxh6+ Kg8 44.
Qg6+ Kh8 45. Qh6+ $11) 41... Qxd5 42. Rg3 $14) 38... Bxe5 39. Rxe5 Qxg3+ 40.
fxg3 $14 Re8 41. Rxe8+ (41. Rfe1 $6 Rxe5 42. Rxe5 Re8) 41... Rxe8 $6 {Black is
aiming for the active counterplay, but objectively, the recapture with the B
was safer.} (41... Bxe8 42. Rf8+ Kg7 43. Rg8+ Kh7 $1 44. Kf2 Rc8 {[%cal Ye8d7]}
45. Be6 Ra8 {[%cal Ye8c6]}) 42. Rf6 {[%csl Rb6,Rg6,Rh6]} Re1+ 43. Kf2 Ra1 44.
Rxg6 Rxa2+ 45. Ke3 $2 {[%csl Rh2] This move actually spoiles most of white's
winning chances.} (45. Kg1 {White should keep the Ph2, in order to get an
opportunity for two connected passed pawns.} b5 46. cxb5 (46. Rxh6+ $2 Kg7 47.
Rc6 b4) 46... Ra1+ 47. Kf2 Bxb5 48. Rxh6+ Kg7 49. Rb6 {with a good winning
chances.}) 45... Kh7 46. Rxb6 (46. Be4 Bc2 $11) 46... Rxh2 {White's pieces are
more active, but with such a limited material, the game should end in a draw.}
47. Ra6 Bd1 48. Kf4 Rf2+ 49. Ke5 Bf3 50. Rf6 (50. Ra3 $1 {[%csl Yg3][%cal
Ya3g3]} Bg4 51. Kd6 $14) 50... Re2+ 51. Kd6 Bg4 $1 52. Kxc5 Re3 53. Kc6 Rxg3
54. Be4+ Kg7 55. Rg6+ Kf8 56. Rxh6 Rh3 57. Rxh3 $6 {This leads to a
theoretical draw.} (57. Rg6 {could still give white slight practical chances
for a win.}) 57... Bxh3 {This endgame is theoretically drawish, however there
are some side factors, which can affect the expected result, such as
time-trouble, tension...} 58. Kd6 Bf1 59. c5 Bb5 60. Bc6 Be2 61. Ba4 Bf3 {
There are two, long enough, diagonals, where the black B can stop the white P,
and white certainly can not control both of them.} 62. Bd7 Bg2 63. Bc6 Bf1 64.
Bf3 Bb5 65. Bh5 Ba4 66. Bf3 Bb5 67. Bb7 Ba4 68. Bc8 Ke8 69. Kc7 {White refuses
to accept the inevitable draw, and continue to make the moves in order to tire
his opponent...} Ke7 70. Bg4 Be8 71. Bf3 Ba4 72. Kb7 Kf6 {A pretty strange
move, however does not spoil anything. Still...} ({After} 72... Kd8 {it's
simple theoretical draw:} 73. Kb6 Kc8 74. Be2 Kb8 75. Bb5 Bxb5 76. Kxb5 Kc7 $11
) 73. Kb6 Ke5 $4 {Quite a shocking mistake on such a high level of chess!
Where does the king go?!} ({It was not too late to come back with the K} 73...
Ke7 $11) 74. Be2 Kd4 (74... Ke6 75. Bb5 Bd1 76. c6 Kd6 77. c7 Bg4 78. Kb7 $18)
75. Bb5 {Comparing to the above mentioned variation, black can not exchange BB
and must allow the decisive advance of the white P.} Bd1 76. c6 Bg4 77. c7 Kd5
78. Be2 Bc8 79. Ba6 Bg4 80. Kb7 Kc5 81. Kb8 {Now the key to the win is
zugzwang!} Kb6 82. Bc8 Bf3 83. Bf5 Bb7 {The black's problem is, that the
diagonal c8-a6 is too short...} 84. Bd3 $22 1-0

[Event "Rohde op 10th"]
[Site "Sautron"]
[Date "2010.10.28"]
[Round "7"]
[White "Pap, Gyula"]
[Black "Haub, Thorsten Michael"]
[Result "1-0"]
[WhiteElo "2519"]
[BlackElo "2498"]
[Annotator "Primel,D"]
[PlyCount "79"]
[EventDate "2010.10.23"]
[EventType "swiss"]
[EventRounds "9"]
[EventCountry "FRA"]
[SourceTitle "EXT 2012"]
[Source "ChessBase"]
[SourceDate "2011.11.24"]
[SourceVersion "1"]
[SourceVersionDate "2011.11.24"]
[SourceQuality "1"]

1. d4 g6 2. c4 Bg7 3. Nf3 (3. Nc3 c5 4. d5 Bxc3+ $1 5. bxc3 f5 $132) 3... d6 4.
g3 f5 5. Bg2 Nf6 6. b3 O-O 7. Bb2 c6 (7... Qe8) 8. O-O Qe8 {[%cal Ge7e5,Ge8f7]}
9. Nbd2 (9. d5) 9... h6 {[%cal Gg6g5]} (9... Na6) 10. e3 (10. Qc2 {La grande
ligne} g5 {Sasikiran,K (2658)-Dzhumaev,M (2495) Commonwealth-ch 2003 (10) 1-0})
10... Na6 {[%cal Ga6c7,Gb7b5]} 11. Rb1 $146 {un plan curieux} (11. Qc2 {
Panchenko,A (2430)-Biolek,R (2360) Bratislava Slovan op 1991 (9) 1-0}) (11. Qe2
) 11... Rb8 {[%cal Gb7b5] le plan B7b5 est naturel dans la variante Leningrad
mais l'inconvénient d'ouvrir la colonne "b" est de justifier le coups Rb1.} (
11... g5 $5 {[%csl Rb1] Un plan naturel mais plus risqué qui aurait le mérite
de laisser la Rb1 sur une case passive car le plan a3b4b5 est assez lent}) 12.
a3 {[%cal Gd1c2]} Be6 13. Ne1 Bf7 14. Nd3 {[%csl Ge5]} b5 (14... Nc7) 15. Qc2
bxc4 16. bxc4 Qc8 {Le signe que la position noire n'est pas très saine} 17. Bc3
$1 $16 Rxb1 18. Rxb1 Nd7 19. Nb4 $36 Nxb4 20. axb4 c5 21. Qa4 (21. bxc5 dxc5
22. Rb5 cxd4 23. exd4 {[%csl Gc4][%cal Gc4c8]}) 21... cxd4 22. Bxd4 Bxd4 23.
exd4 Nb6 24. Qxa7 Nxc4 25. Rc1 $40 {[%csl Re7]} d5 26. Nxc4 dxc4 27. Qxe7 {
Prématuré car la poussée du P "b" était quasiment impossible а stopper} (27. b5
$142 $1 {[%cal Gb5b8]} Re8 (27... Qb8 28. b6 $1 $18 {[%csl Gg2]}) 28. b6) 27...
Qa6 28. Qc5 Qa3 {[%cal Ga3c1]} 29. Re1 (29. Rxc4 $2 Bxc4 30. Qxc4+ Kg7 31. b5
f4 $1) 29... Qc3 (29... f4 $5) (29... c3) 30. Re7 Qc1+ 31. Bf1 f4 32. d5 (32.
b5 fxg3 33. hxg3 $18 {[%cal Ge7f7,Gb5b6]}) 32... c3 33. Rc7 fxg3 34. hxg3 Qd1
$2 (34... c2 35. d6 (35. Qxc2 Qxc2 36. Rxc2 Bxd5)) 35. Qxc3 Qxd5 36. b5 Qd1 37.
b6 Re8 38. b7 Qb1 39. Qf6 Qb3 40. Qxf7+ 1-0